A Close Look At Close Reading: Teaching Students To Analyze Complex Texts, Grades 6-12 (Record no. 345870)
[ view plain ]
| 000 -LEADER | |
|---|---|
| fixed length control field | 00414nam a2200109Ia 4500 |
| 008 - FIXED-LENGTH DATA ELEMENTS--GENERAL INFORMATION | |
| fixed length control field | 171204s9999 xx 000 0 und d |
| 245 #2 - TITLE STATEMENT | |
| Title | A Close Look At Close Reading: Teaching Students To Analyze Complex Texts, Grades 6-12 |
| 245 ## - TITLE STATEMENT | |
| Statement of responsibility, etc | Barbara Moss and Diane Lapp |
| 260 ## - PUBLICATION, DISTRIBUTION, ETC. (IMPRINT) | |
| Date of publication, distribution, etc | 2015 |
| 650 ## - SUBJECT ADDED ENTRY--TOPICAL TERM | |
| General subdivision | PRF Ed 3: Developmental Reading |
| 856 ## - ELECTRONIC LOCATION AND ACCESS | |
| Uniform Resource Identifier | <a href="http://down.ebook777.com/018/ACloLooAtCloReaTeaStuToAnaComTexGra612.pdf">http://down.ebook777.com/018/ACloLooAtCloReaTeaStuToAnaComTexGra612.pdf</a> |
| Withdrawn status | Lost status | Damaged status | Home library | Current library | Date acquired | Total Checkouts | Date last seen | Price effective from | Koha item type |
|---|---|---|---|---|---|---|---|---|---|
| College Library | College Library | 12/04/2017 | 12/04/2017 | 12/04/2017 | Curriculum - Based eBooks |